Spain: the long journey from neo-fracoism to national-populism: 1975-2005 /
Uloženo v:
| Hlavní autor: | |
|---|---|
| Médium: | Text |
| Témata: | |
| Tagy: |
Přidat tag
Žádné tagy, Buďte první, kdo vytvoří štítek k tomuto záznamu!
|
MARC
| LEADER | 00000 a a2200000 04500 | ||
|---|---|---|---|
| 001 | 18922 | ||
| 003 | |||
| 040 | |||
| 100 | |a Casals, Xavier | ||
| 245 | |a Spain: |b the long journey from neo-fracoism to national-populism: 1975-2005 / |c Xavier Casals | ||
| 650 | |a DICTADURA | ||
| 650 | |a EXTREMISMO | ||
| 650 | |a COMUNISMO | ||
| 650 | |a ELECCIONES | ||
| 650 | |a DERECHA | ||
| 650 | |a PORTUGAL | ||
| 650 | |a ESPAÑA | ||
| 650 | |a GRECIA | ||
| 773 | |g número 20; páginas 127-145 | ||
| 999 | |c 27553 |d 27553 | ||
